Les joueurs de l'équipe de France de foot CDM 1998 - Statistiques

Statistiques générales
  • Ce quiz a été pris 2 004 fois
  • Le résultat moyen est 14 sur 22
Statistiques - réponses
Poste Joueurs % Correct
Milieu Zinédine Zidane
98%
Gardien Fabien Barthez
94%
Attaquant Thierry Henry
91%
Milieu Emmanuel Petit
86%
Défenseur Laurent Blanc
86%
Milieu Didier Deschamps
85%
Défenseur Lilian Thuram
84%
Défenseur Marcel Desailly
82%
Défenseur Bixente Lizarazu
79%
Attaquant David Trezeguet
75%
Milieu Patrick Vieira
66%
Attaquant Youri Djorkaeff
64%
Gardien Bernard Lama
61%
Défenseur Frank Leboeuf
57%
Attaquant Christophe Dugarry
53%
Attaquant Stéphane Guivarc'h
52%
Milieu Robert Pirès
50%
Milieu Christian Karembeu
48%
Gardien Lionel Charbonnier
31%
Défenseur Vincent Candela
28%
Milieu Alain Boghossian
24%
Milieu Bernard Diomède
24%
Aucun quiz correspondant
Distribution des résultats
% des personnes avec chaque résultat
Percentile par nombre de réponses
Votre historique - résultats
Vous n’avez pas pris ce quiz